000 00589nam a2200205Ia 4500
005 20250326145548.0
008 250326s9999 xx 000 0 und d
037 _aTextbook
040 _aFMSL
_beng
_cFMSL
041 _aeng
_2eng
084 _aT:f Q4
_qFMSL
100 _aCraig Cheryl J.
_9751377
245 0 _aInternational teacher Education : promising pedagogies ( Part-A)
_cCraig Cheryl J.
260 _aBingley
_bBingley, Emerald
_c2014
365 _b8330.8700000000008
490 _v22
650 _aManagement
942 _cTB
_hT:f Q4
999 _c1308011
_d1308011